Bleach Shikai Quiz Stats

 Plays Quiz not verified by Sporcle

Also try: What a Drag
Challenge
Share
Tweet
Embed
Score 0/42 Timer 10:00
0 Plays Today
Shinigami Shikai % Correct
Renji AbaraiZabimaru
91.7%
Ichigo KurosakiZangetsu
90.8%
Byakuya KuchikiSenbonzakura
85.3%
Rangiku MatsumotoHaineko
84.4%
Suì-FēngSuzumebachi
83.5%
Izuru KiraWabisuke
82.6%
Tōshirō HitsugayaHyorinmaru
81.7%
Kisuke UraharaBenihime
78.9%
Momo HinamoriTobiume
78%
Shuhei HisagiKazeshini
78%
Rukia KuchikiSode No Shirayuki
77.1%
Genryūsai Shigekuni YamamotoRyujin Jakka
75.2%
Gin IchimaruShinso
73.4%
Sajin KomamuraTenken
71.6%
Ikkaku MadarameHozukimaru
67.9%
Shunsui KyōrakuKaten Kyokotsu
67%
Sōsuke AizenKyoka Suigetsu
67%
Isshin ShibaEngetsu
64.2%
Retsu UnohanaMinazuki
61.5%
Marechiyo ŌmaedaGegetsuburi
59.6%
Mayuri KurotsuchiAshisogi Jizo
58.7%
Shinigami Shikai % Correct
Kaname TōsenSuzumushi
58.7%
Jūshirō UkitakeSogyo No Kotowari
55%
Shinji HirakoSakanade
54.1%
Kensei MugurumaTachikaze
52.3%
Isane KotetsuItegumo
50.5%
Kaien ShibaNejibana
48.6%
Hanatarō YamadaHisagomaru
45.9%
Kenpachi ZarakiNozarashi
45%
Rōjūrō ŌtoribashiKinshara
44%
Yumichika AyasegawaRuri'iro Kujaku
41.3%
Chōjirō Tadaoki SasakibeGonryomaru
41.3%
Love AikawaTengumaru
32.1%
Yachiru KusajishiSanpo Kenju
23.9%
Lisa YadōmaruHaguro Tonbo
23.9%
Hiyori SarugakiKubikiri Orochi
22.9%
Zennosuke KurumadaniTsuchinamazu
18.3%
Jirōbō IkkanzakaTsunzakigarasu
17.4%
Rikū TogakushiShunjin
17.4%
Taketsuna GoriMogaribue
16.5%
Asuka KatakuraKatakage
16.5%
Tatsufusa EnjōjiHozan
13.8%

You're not logged in!

Compare scores with friends on all Sporcle quizzes.
Join for Free
OR
Log In

You Might Also Like...

Show Comments

Extras

Created Apr 13, 2014ReportNominate
Tags:Anime Quiz, bleach, shikai, zanpakuto

Top Quizzes Today


Score Distribution

Your Account Isn't Verified!

In order to create a playlist on Sporcle, you need to verify the email address you used during registration. Go to your Sporcle Settings to finish the process.

Report this User

Report this user for behavior that violates our Community Guidelines.

Details: